Statistiques concernant Les Îles les plus peuplées de France

Cliquez ici pour prendre le quiz!

Statistiques générales

  • Ce quiz a été pris 5,060 fois
  • Le résultat moyen est 7 sur 20

Statistiques - réponses

# Population Île % Correct
3M302 000Corse
94%
12M17 640Île de Ré
91%
2402 000Martinique
88%
1802 000Réunion
85%
11M20 991Île d'Oléron
58%
4205 939Nouvelle-Calédonie
54%
7178 133Tahiti
46%
935 263Saint-Martin
33%
17M9 813Noirmoutier
30%
208 450Saint-Barthélemy
29%
189 227Wallis
25%
6186 661Basse-Terre (Guadeloupe)
24%
8162 036Grande-Terre (Mayotte)
17%
5197 603Grande-Terre (Guadeloupe)
17%
198 927Bora-Bora
15%
1512 009Marie-Galante
14%
1024 416Petite-Terre (Mayotte)
7%
1316 191Moorea
7%
1412 024Raiatea
3%
1610 170Lifou
3%

Distribution des résultats

Percentile par nombre de réponses

% des personnes avec chaque résultat

Votre développement - résultats

Vous n’avez pas pris ce quiz